Statistics for Serie A - Coppa Italia Presences

Click here to take the quiz!

General Stats

  • This quiz has been taken 11 times
  • The average score is 5 of 11

Answer Stats

GamesTeamPlayer% Correct
120UC SampdoriaRoberto Mancini
100%
110Juventus FCDino Zoff
86%
119FC Internazionale MilanoGiuseppe Bergomi
71%
101Juventus FCGaetano Scirea
57%
113Juventus FCFranco Causio
43%
102UC SampdoriaFausto Salsano
29%
112ACF FiorentinaGiovanni Galli
29%
100SSC NapoliGiuseppe Bruscolotti
29%
103FC Internazionale MilanoIvano Bordon
29%
101Torino FCLuigi Danova
29%
116UC SampdoriaPietro Vierchowod
29%

Score Distribution

Percentile by Number Answered

Percent of People with Each Score

Your Score History

You have not taken this quiz